00842nam a2200145Ia 4500008004100000100003000041245009000071260003900161440006100200650002200261650026000283856004100543999001900584952009300603171212s9999 xx 000 0 und d aBarnstone, Deborah Ascher cBarnstone, Deborah AscheraBeyond the BauhausbCultural Modernity in Breslau, 1918-33 bUniversity of Michigan Pressc2016 aSocial History, Popular Culture, And Politics In Germany aArt & Art History aWroclaw (Poland) -- Civilization -- 20th century; Wroclaw (Poland) -- Intellectual life -- 20th century; Modernism (Aesthetics) -- Poland -- Wroclaw -- History -- 20th century; Arts, German -- Poland -- Wroclaw -- History -- 20th century; City and town li uhttp://jstor.org/stable/j.ctt1gk088m c352992d352992 001040aCLbCLd2017-12-12l0oDK4780.2 .B37 2016r2017-12-12 00:00:00w2017-12-12yCBE